Southville International School and Colleges
Your cart is empty.
  • Cart
  • Lists
    Public lists Eva Luna New books Lux_list list_1
    Your lists Log in to create your own lists
  • Log in to your account
  • Your cookies
  • Search history
Southville International School and Colleges
  • Advanced search
  • Recent comments
  • Most popular
  • Libraries

Log in to your account

Log in with GOOGLE


If you do not have an external account, but do have a local account, you can still log in:

  1. Home
  2. MARC view: Microsoft MS-DOS version 5.0 :
Normal view MARC view ISBD view

Microsoft MS-DOS version 5.0 : (Record no. 19739)

[ view plain ]
MARC details
000 -LEADER
fixed length control field 00584nam a2200205 a 4500
005 - DATE AND TIME OF LATEST TRANSACTION
control field 20140310183155.0
008 - FIXED-LENGTH DATA ELEMENTS--GENERAL INFORMATION
fixed length control field 000525s19uu xx 00 eng d
020 ## - INTERNATIONAL STANDARD BOOK NUMBER
International Standard Book Number 9811010900
050 ## - LIBRARY OF CONGRESS CALL NUMBER
Classification number QA 76.76.O63
Item number .M626 1991
245 ## - TITLE STATEMENT
Title Microsoft MS-DOS version 5.0 :
Remainder of title user's guide and references for the MS-DOS operating system /
250 ## - EDITION STATEMENT
Edition statement Condensed ed.
260 ## - PUBLICATION, DISTRIBUTION, ETC. (IMPRINT)
Place of publication, distribution, etc Singapore :
Name of publisher, distributor, etc TriGem,
Date of publication, distribution, etc 1991.
300 ## - PHYSICAL DESCRIPTION
Extent x, 357 p. :
Dimensions 23 cm.
500 ## - GENERAL NOTE
General note Includes index.
521 ## - TARGET AUDIENCE NOTE
Target audience note
650 ## - SUBJECT ADDED ENTRY--TOPICAL TERM
Topical term or geographic name as entry element MS-DOS
650 ## - SUBJECT ADDED ENTRY--TOPICAL TERM
Topical term or geographic name as entry element Computer programs
942 ## - ADDED ENTRY ELEMENTS (KOHA)
Koha item type Books
Source of classification or shelving scheme Library of Congress Classification
Call number prefix Foreign
Holdings
Withdrawn status Lost status Source of classification or shelving scheme Damaged status Home library Current library Shelving location Date acquired Total Checkouts Full call number Barcode Date last seen Copy number Price effective from Koha item type
    Library of Congress Classification   College Library College Library General Circulation Section 04/25/2003   QA 76.76.O63 .M626 1991 C1099 05/15/2018 1 10/10/2013 Books

Microsoft MS-DOS version 5.0 :

APA

(1991). Microsoft MS-DOS version 5.0. Singapore: TriGem.

Chicago

1991. Microsoft MS-DOS version 5.0. Singapore: TriGem.

Harvard

(1991). Microsoft MS-DOS version 5.0. Singapore: TriGem.

MLA

Microsoft MS-DOS version 5.0. Singapore: TriGem. 1991.

  • Place hold
  • Print
  • Cite
  • Add to your cart (remove)
  • Save record
    BIBTEX Dublin Core MARCXML MARC (non-Unicode/MARC-8) MARC (Unicode/UTF-8) MARC (Unicode/UTF-8, Standard) MODS (XML) RIS
  • More searches
    Search for this title in:
    Other Libraries (WorldCat) Other Databases (Google Scholar) Online Stores (Bookfinder.com) Open Library (openlibrary.org)

Exporting to Dublin Core...

SOUTHVILLE LIBRARY

Southville International School and Colleges Library

1281 Tropical Ave. Cor. Luxembourg St., BF Homes International, Las Pinas City

Tel. No. 8256374 / 252358 Loc. 117/146

Powered by Koha